| 000 | 00000nam 2200000za 4500 |
| 001 | 9.697962 |
| 003 | CaOODSP |
| 005 | 20210624235720 |
| 007 | cr ||||||||||| |
| 008 | 150407s1908||||xxc ||||o f|00 0 eng d |
| 040 | |aCaOODSP|beng |
| 043 | |an-cn--- |
| 086 | 1 |aA22-569/1908E-PDF |
| 100 | 1 |aRutherford, J. G. |q(John Gunion)|d1857-1923. |
| 245 | 14|aThe control of bovine tuberculosis |h[electronic resource] : |ba paper read before Section VII of the International Congress on Tuberculosis, at Washington, D.C., October 1, 1908 / |cby J.G. Rutherford. |
| 260 | |aOttawa : |bDepartment of Agriculture,|c1908. |
| 300 | |a12 p. |
| 500 | |aHistorical publication digitized by Agriculture and Agri-Food Canada. |
| 590 | |a13-17-Supp|b2013-07-25 |
| 690 | 07|aAnimal diseases|2gcpds |
| 690 | 07|aLivestock|2gcpds |
| 710 | 1 |aCanada. |bDepartment of Agriculture.|bBranch of the Live Stock Commissioner. |
| 711 | 2 |aInternational Congress on Tuberculosis |d(1908|cWashington, D.C.) . |
| 775 | 08|tL'enrayement de la tuberculose bovine |w(CaOODSP)9.641510 |
| 856 | 40|ahttp://publications.gc.ca|qPDF|s4.30 MB|uhttps://publications.gc.ca/collections/collection_2013/aac-aafc/agrhist/A22-569-1908-eng.pdf |